000 00567nam a2200181Ia 4500
003 IN-BaIIA
008 211028s9999 xx 000 0 eng d
020 _a978-3-642-03140-3
040 _cIIA Library
080 _a52(082.1)
_bASS-363
100 _aGoss, W. M
_933918
245 0 _aUnder the radar
_bthe first woman in radio astronomy
_cW. M Goss
260 _aHeidelberg
_bSpringer
_c2010
300 _axxi, 354p.
650 _aPayne-Scott, Ruby-Biography
_933919
650 _aRadio astronomy
_92849
942 _cBK
999 _c17852
_d17852